Viaje al calor / (Record no. 87770)
[ view plain ]
| 000 -LEADER | |
|---|---|
| campo de control de longitud fija | 00798nam a2200229 i 4500 |
| 001 - NÚMERO DE CONTROL | |
| campo de control | 87770 |
| 003 - IDENTIFICADOR DE NÚMERO DE CONTROL | |
| campo de control | ES-MaACL |
| 005 - FECHA Y HORA DE LA ÚLTIMA TRANSACCIÓN | |
| campo de control | 20251005063058.0 |
| 007 - CAMPO FIJO DE DESCRIPCIÓN FÍSICA--INFORMACIÓN GENERAL | |
| campo de control de longitud fija | t| |
| 008 - DATOS DE LONGITUD FIJA--INFORMACIÓN GENERAL | |
| campo de control de longitud fija | 041223s1962 sp ||||1| spa d |
| 100 1# - ENTRADA PRINCIPAL--NOMBRE DE PERSONA | |
| Nombre de persona | Laborde, Enrique, |
| Fechas asociadas al nombre | 1918-2002 |
| 9 (RLIN) | 69248 |
| 245 10 - MENCIÓN DEL TÍTULO | |
| Título | Viaje al calor / |
| Mención de responsabilidad, etc. | Enrique Laborde ; ilustraciones de Lorenzo Goñi, Antonio Mingote y Chumy Chúmez. |
| 260 ## - PUBLICACIÓN, DISTRIBUCIÓN, ETC. | |
| Lugar de publicación, distribución, etc. | Madrid : |
| Nombre del editor, distribuidor, etc. | [s.n.], |
| Fecha de publicación, distribución, etc. | 1962. |
| 300 ## - DESCRIPCIÓN FÍSICA | |
| Extensión | 270 p. : |
| Otras características físicas | il. ; |
| Dimensiones | 27 cm. |
| 490 1# - MENCIÓN DE SERIE | |
| Mención de serie | Colección "Vivir para Ver" ; |
| Designación de volumen o secuencia | 1 |
| 700 1# - ENTRADA AGREGADA--NOMBRE PERSONAL | |
| Nombre de persona | Goñi, Lorenzo, |
| Fechas asociadas al nombre | 1911-1992 |
| 9 (RLIN) | 59083 |
| 700 1# - ENTRADA AGREGADA--NOMBRE PERSONAL | |
| Nombre de persona | Mingote, Antonio, |
| Fechas asociadas al nombre | 1919-2012 |
| 9 (RLIN) | 240761 |
| 700 1# - ENTRADA AGREGADA--NOMBRE PERSONAL | |
| Nombre de persona | Chumy-Chúmez, |
| Fechas asociadas al nombre | 1927-2003 |
| 9 (RLIN) | 38700 |
| 830 0# - PUNTO DE ACCESO ADICIONAL DE SERIE-TÍTULO UNIFORME | |
| Título uniforme | Colección "Vivir para Ver" ; |
| Designación de volumen o secuencia | 1 |
| 9 (RLIN) | 231800 |
| 852 ## - LOCALIZACIÓN | |
| Ubicación | ES-MaACL |
| Número de control de estantería | P-656-bis |
| Sublocalización o colección | R.51140 |
| Estatus retirado | Estado de pérdida | Estado de daño | No para préstamo | Biblioteca de origen | Biblioteca actual | Ubicación en estantería | Fecha de adquisición | Fuente de adquisición | Total de préstamos | Signatura topográfica completa | Código de barras | Visto por última vez | Precio de reemplazo | Tipo de ítem Koha |
|---|---|---|---|---|---|---|---|---|---|---|---|---|---|---|
| Biblioteca del Ateneo de Madrid | Biblioteca del Ateneo de Madrid | Depósito 2 | 17/01/2008 | P-656-bis | 1091690 | 23/02/2023 | 23/02/2023 | Libro impreso |
